Statistics for Hong Kong Facts

Click here to take the quiz!

General Stats

  • This quiz has been taken 13,612 times
  • The average score is 12 of 20

Answer Stats

Hint Answer % Correct
Before 1842, Hong Kong was
part of this country
China
97%
When it was leased to
this country
United Kingdom
94%
Country that occupied Hong Kong
from 1941-45
Japan
83%
Most spoken dialectCantonese
79%
Martial artist who mysteriously
died in 1973
Bruce Lee
79%
Nearby island and
former Portuguese territory
Macau
77%
Martial artist known for "Rush Hour"Jackie Chan
76%
Until being returned in this year1997
74%
Currency of Hong KongHong Kong Dollar
70%
Bordering seaSouth China Sea
69%
Popular game played with 144 tilesMahjong
61%
Until this warFirst Opium War
55%
Rare disease that killed 299 people
in the early 2000s
SARS
43%
Most-populous peninsulaKowloon
42%
Major city on Hong Kong's
northern border
Shenzhen
41%
Style of dining with bite-sized dishes,
brought around in carts
Dim Sum
40%
Largest islands in the territoryHong Kong
37%
Nearby river deltaPearl River Delta
30%
Famous lookout{Victoria} Peak
30%
Largest islands in the territoryLantau
18%

Score Distribution

Percentile by Number Answered

Percent of People with Each Score

Your Score History

You have not taken this quiz